Ugostiteljstvo 1981

Gespeichert in:
Bibliographische Detailangaben
Format: Buch
Sprache:Serbisch
Veröffentlicht: Beograd Savezni zavod za statistiku 1982
Schriftenreihe:Statistički bilten 1336
Tags: Tag hinzufügen
Keine Tags, Fügen Sie das erste Tag hinzu!

MARC

LEADER 00000nam a2200000 4500
001 c114116
005 20250701083654.7
041 0 |a srp 
044 |a YU 
245 1 0 |a Ugostiteljstvo 1981 
264 1 |a Beograd  |b Savezni zavod za statistiku  |c 1982 
300 |a 48 s. 
490 1 |a Statistički bilten  |v 1336 
830 0 |a Statistički bilten  |v 1336